FC Barcelona 2014/15 UCL Final Line-up - Statistics

General Stats
  • This quiz has been taken 1,581 times
  • The average score is 15 of 19
Answer Stats
Hint Answer % Correct
10- Argentina Lionel Messi
99%
9- Uruguay Luis Suarez
99%
11- Brazil Neymar
98%
1- Germany Marc-Andre Ter Stegen
97%
8- Spain Andres Iniesta
96%
3- Spain Gerard Pique
95%
4- Croatia Ivan Rakitic
95%
6- Spain Xavi Hernandez
94%
5- Spain Sergio Busquets
91%
Manager- Spain Luis Enrique
82%
14- Argentina Javier Mascherano
81%
22- Brazil Dani Alves
77%
18- Spain Jordi Alba
77%
7- Spain Pedro
69%
13- Chile Claudio Bravo
65%
12- Brazil Rafinha
52%
24- France Jeremy Mathieu
45%
21- Brazil Adriano
35%
15- Spain Marc Bartra
28%
No matching quizzes found
Score Distribution
Percent of People with Each Score
Percentile by Number Answered
Your Score History
You have not taken this quiz